Normal view
MARC view
Entry Genre/Form Term
001 - CONTROL NUMBER
- control field: 9338
003 - CONTROL NUMBER IDENTIFIER
- control field: OSt
005 - DATE AND TIME OF LATEST TRANSACTION
- control field: 20260427122532.0
008 - FIXED-LENGTH DATA ELEMENTS
- fixed length control field: 260427|| aca||aabn | a|a d
040 ## - CATALOGING SOURCE
- Original cataloging agency: OSt
- Transcribing agency: OSt
155 ## - HEADING--GENRE/FORM TERM
- Genre/form term: Illustrated volume
670 ## - SOURCE DATA FOUND
- Source citation: Work cat.: (OSt)6516: Ka Lā Kuni Pipi = Branding Day: A bilingual Hawaiian Story/ , 2020